000 01135nas a2200373 4500
001 BR0905103
003 BR-BrBNA
005 20231205113605.0
007 ta
008 230509b bl.|||p| |||| 00| 00por d
040 _aBR-BrBNA
_bpor
_cBiblioteca Nacional de Agricultura
041 _a(Pt)
072 _aL70
100 1 _aRappeti, J.C. da S.
100 1 _aPippi, N.L.
100 1 _aBraga, F. de V.A.
100 1 _aSouza, G.S. de
100 1 _aCoelho, G.D.A.
100 1 _aPigatto, G.M.
100 1 _aNovosad, D.
100 1 _aHeckler, M.C.T.
100 1 _aKrolikowski, G.
100 1 _aAmêndola, G.
100 1 _aGodoy, C.
100 1 _aCardona, R.O. do C.
245 1 _aHomoimplante de costela conservada em solução supersaturada de açúcar a 300 por cento ou em açúcar in natura na reconstituição experimental de costelas em gatos
650 _aGATO
650 _aCIRURGIA
650 _aOSSO
650 _aAÇÚCAR
773 0 _tCiência Rural (Brazil)
_xISSN 0103-8478
_g(Nov-Dec 2007), v. 37(6) p. 1712-1718
_wBR0905103
909 _a202311
_bLúcia
_c55
_dLúcia Elande
942 _2AGRIS
_n0
_cANA
999 _c204603
_d204603